From measles to magic: memoirs of a medical officer in Northern Nigeria 1957-1964 (Record no. 31467)

MARC details
000 -LEADER
fixed length control field 00689nam a2200169 a 4500
008 - FIXED-LENGTH DATA ELEMENTS--GENERAL INFORMATION
fixed length control field 120217s2009 ||||||||||||||||| || u
020 ## - INTERNATIONAL STANDARD BOOK NUMBER
International Standard Book Number 9781908098030
050 ## - LIBRARY OF CONGRESS CALL NUMBER
Classification number R 722.32.A27 Abr
100 ## - MAIN ENTRY--PERSONAL NAME
Personal name Abraham, Kathleen
245 10 - TITLE STATEMENT
Title From measles to magic: memoirs of a medical officer in Northern Nigeria 1957-1964
Statement of responsibility, etc. Kathleen Abraham
260 ## - PUBLICATION, DISTRIBUTION, ETC.
Place of publication, distribution, etc. Cumbria, NJ
Name of publisher, distributor, etc. 2QT
Date of publication, distribution, etc. 2009
300 ## - PHYSICAL DESCRIPTION
Extent viii, 248p.: ill.
350 ## -
-- 0.00
650 ## - SUBJECT ADDED ENTRY--TOPICAL TERM
Topical term or geographic name entry element MEDICINE--BIOGRAPHY
650 ## - SUBJECT ADDED ENTRY--TOPICAL TERM
Topical term or geographic name entry element ABRAHAM, KATHLEEN--BIOGRAPHY
995 ## -
-- MEDICAL LIBRARY OPEN ACCESS
-- 901542
-- CBU-SCHOOL OF MEDICINE LIBRARY (Ndola)
-- 0.00
-- R 722.32.A27 Abr
-- 1
-- AVAILABLE
-- Jun 28, 2012
-- 901542
-- Medical Library Open Access Collection
999 ## -
-- 31467
-- 31467
Holdings
Withdrawn status Lost status Source of classification or shelving scheme Damaged status Not for loan Permanent Location Current Location Shelving location Date acquired Total Checkouts Full call number Barcode Date last seen Price effective from Koha item type
          CBU-SCHOOL OF MEDICINE LIBRARY, NDOLA. CBU-SCHOOL OF MEDICINE LIBRARY, NDOLA.   11/30/2022   R 722.32.A27 Abr 901542 11/30/2022 11/30/2022 MONOGRAPH